000 00542nam a2200181Ia 4500
005 20250423101412.0
008 250422s9999 xx 000 0 und d
020 _a9780749455415
050 _aZ 278 .D38/
100 _aDavies, Gill
245 4 _aThe professionals’ guide to publishing: a practical introduction to working in the publishing industry
260 _aPhiladelphia
260 _bKogan Page Limited
260 _c2021
300 _a312 p
650 _a Publishers and publishing. Book industries and trade.
942 _cBK
999 _c36203
_d36203